إمتطاء النمر / (رقم التسجيلة. 1833)

تفاصيل مارك
000 -LEADER
fixed length control field 00926nam a22002777a 4500
005 - DATE AND TIME OF LATEST TRANSACTION
control field 20251108164028.0
008 - FIXED-LENGTH DATA ELEMENTS--GENERAL INFORMATION
fixed length control field 250721s1996 xx 000 0 ara d
082 14 - DEWEY DECIMAL CLASSIFICATION NUMBER
Classification number 320.956/امت
100 1# - MAIN ENTRY--PERSONAL NAME
Personal name مار، قيبيس
Relator term محرر
245 10 - TITLE STATEMENT
Title إمتطاء النمر /
264 1# - PRODUCTION, PUBLICATION, DISTRIBUTION, MANUFACTURE, AND COPYRIGHT NOTICE
Place of production, publication, distribution, manufacture أبوظبي :
Name of producer, publisher, distributor, manufacturer مركز الإمارات للدراسات،
Date of production, publication, distribution, manufacture, or copyright notice 1996.
300 ## - PHYSICAL DESCRIPTION
Extent 291ص
490 0# - SERIES STATEMENT
Series statement دراسات مترجمة ؛ 2
650 17 - SUBJECT ADDED ENTRY--TOPICAL TERM
Topical term or geographic name as entry element الأحوال السياسية
650 17 - SUBJECT ADDED ENTRY--TOPICAL TERM
Topical term or geographic name as entry element الأحوال الإقتصادية
650 17 - SUBJECT ADDED ENTRY--TOPICAL TERM
Topical term or geographic name as entry element النفط
650 17 - SUBJECT ADDED ENTRY--TOPICAL TERM
Topical term or geographic name as entry element توازن القوى
650 17 - SUBJECT ADDED ENTRY--TOPICAL TERM
Topical term or geographic name as entry element النزاع العربي الإسرائيلي
650 17 - SUBJECT ADDED ENTRY--TOPICAL TERM
Topical term or geographic name as entry element حرب الخليج 1991
650 17 - SUBJECT ADDED ENTRY--TOPICAL TERM
Topical term or geographic name as entry element الحركات الإسلامية
650 17 - SUBJECT ADDED ENTRY--TOPICAL TERM
Topical term or geographic name as entry element الشرق الأوسط
700 1# - ADDED ENTRY--PERSONAL NAME
Personal name لويس، وليم
Relator term تحرير
700 1# - ADDED ENTRY--PERSONAL NAME
Personal name الحاج، عبد الله جمعه
Relator term تحرير
942 ## - ADDED ENTRY ELEMENTS (KOHA)
Source of classification or shelving scheme Dewey Decimal Classification
Koha item type كتب
المقتنيات
حالة السحب حالة الفقدان مصدر التصنيف حالة التلف غير قابل للإعارة المكتبة الرئيسية المكتبة الحالية موقع الرف تاريخ التزويد الرقم المتسلسل Total Checkouts رقم الإستدعاء الباركود تاريخ آخر ظهور تاريخ الفاتورة نوع المادة (كوها)
    Dewey Decimal Classification     المكتبة المركزية المكتبة المركزية الإعارة 28/07/2025 1567856   320.956/امت PLD00235571 28/07/2025 28/07/2025 كتب
Implemented & Customized by: BBB with SCIT (Smart Chains for Information Technology)

Powered by Koha